banner-ar

الوقف ودوره فى تنمية المجتمع الاسلامى / (Record no. 2841)

MARC details
000 -الفاتح
حقل البيانات ثابتة الطول 00682nam a2200193Ia 4500
008 - عناصر البيانات ثابتة الطول - معلومات عامة
حقل البيانات ثابتة الطول 140319s9999 xx 000 0 ara d
040 ## - مصدر الفهرسة
وكالة الفهرسة الأصلية GCL /
وكالة النسخ GCL
082 04 - رقم تصنيف ديوى العشرى
رقم التصنيف 253.902
رقم المادة م و
100 1# - المدخل الرئيسى - إسم شخصى
الإسم الشخصى محمد الدسوقى
245 10 - بيان العنوان
العنوان الوقف ودوره فى تنمية المجتمع الاسلامى /
بيان المسئوليه,etc محمد الدسوقى
260 ## - PUBLICATION, DISTRIBUTION, ETC. (IMPRINT)
تاريخ النشر أو التوزيع 2000
300 ## - الوصف المادى
التعداد 102 ص ؛
أبعاد الوعاء 15 سم
490 ## - بيان السلسلة
عنوان السلسلة قضايا اسلامية
رقم المجلد/ التعيين التسلسلي 64
650 04 - المدخل الاضافى بالموضوع-مصطلح موضوعى
مصطلح موضوعي الوقف
650 04 - المدخل الاضافى بالموضوع-مصطلح موضوعى
مصطلح موضوعي المجتمعات الاسلامية
650 04 - المدخل الاضافى بالموضوع-مصطلح موضوعى
مصطلح موضوعي المعاملات (فقه أسلامى)
942 ## - عناصر المدخل الإضافي( كوها)
مصدر التصنيف او مخطط الترفيف Dewey Decimal Classification
Koha [default] item type كتاب
260 ## - PUBLICATION, DISTRIBUTION, ETC. (IMPRINT)
-- القاهرة :
-- المجلس الاعلى الشئون الاسلامية ،
Holdings
حالة التراجع حالة الفقد حالة تلف ليس للاعارة المكان المؤقت الموقع الحالى تاريخ الاكتساب اجمالي اﻻعارات رقم الطلب الباركود تاريخ اخر مشاهدة تاريخ تفعيل السعر نوع وعاء كوها
        مكتبة القاهرة الكبرى مكتبة القاهرة الكبرى 03/26/2014   253.902\ م و 6316 03/26/2014 03/26/2014 كتاب
        مكتبة القاهرة الكبرى مكتبة القاهرة الكبرى 03/26/2014   253.902\ م و 6317 03/26/2014 03/26/2014 كتاب
        مكتبة القاهرة الكبرى مكتبة القاهرة الكبرى 03/26/2014   253.902\ م و 6318 03/26/2014 03/26/2014 كتاب
        مكتبة القاهرة الكبرى مكتبة القاهرة الكبرى 03/26/2014   253.902\ م و 6319 03/26/2014 03/26/2014 كتاب
        مكتبة القاهرة الكبرى مكتبة القاهرة الكبرى 03/26/2014   253.902\ م و 6320 03/26/2014 03/26/2014 كتاب
        مكتبة القاهرة الكبرى مكتبة القاهرة الكبرى 03/26/2014   253.902\ م و 6321 03/26/2014 03/26/2014 كتاب
        مكتبة القاهرة الكبرى مكتبة القاهرة الكبرى 03/26/2014   253.902\ م و 6322 03/26/2014 03/26/2014 كتاب
        مكتبة القاهرة الكبرى مكتبة القاهرة الكبرى 03/26/2014   253.902\ م و 6323 03/26/2014 03/26/2014 كتاب
        مكتبة القاهرة الكبرى مكتبة القاهرة الكبرى 03/26/2014   253.902\ م و 6324 03/26/2014 03/26/2014 كتاب
        مكتبة القاهرة الكبرى مكتبة القاهرة الكبرى 03/26/2014   253.902\ م و 6325 03/26/2014 03/26/2014 كتاب
        مكتبة القاهرة الكبرى مكتبة القاهرة الكبرى 03/26/2014   253.902\ م و 6326 03/26/2014 03/26/2014 كتاب

Powered By

EGPV